000 00369nam a2200145Ia 4500
008 240624s9999 xx 000 0 und d
041 _aeng
082 _a302.35 PEA
100 _aPEASE KELLY KATE S
245 _aINTERNATIONAL ORGANIZATIONS
250 _a(5th ed.)
260 _c2012
_aNew York
_bPearson
300 _axiii, : 354 : p.: : 22 : cm.
365 _cGBP
_b30
999 _c22972
_d22972